000 00671cam a22002413a 4500
001 12366
003 PGUSA
005 20140828083248.0
008 040501s2004||||xxu|||||s|||||000 | eng d
040 _aPGUSA
_beng
042 _adc
050 4 _aTX
100 1 _aRichards, Ellen H.
_q(Ellen Henrietta),
_d1842-1911
245 1 4 _aThe Cost of Shelter
_h[electronic resource] /
_cEllen H. Richards
260 _bProject Gutenberg,
_c2004
506 _aPublic domain in the USA.
516 _aElectronic text
653 _aHome economics
653 _aBuilding
830 0 _aProject Gutenberg
_v12366
856 4 0 _uhttp://www.gutenberg.org/ebooks/12366
942 _cEB
999 _c241621
_d241621